Final results from December 2006 agricultural census (Record no. 106582)

MARC details
000 -LEADER
fixed length control field 01405cam a2200193 4500
001 - CONTROL NUMBER
control field L137003
008 - FIXED-LENGTH DATA ELEMENTS--GENERAL INFORMATION
fixed length control field 070308s2007 xxk f 000 0 eng d
035 ## - SYSTEM CONTROL NUMBER
System control number (Sirsi) u137003
041 0# - LANGUAGE CODE
Language code of text/sound track or separate title eng
110 2# - MAIN ENTRY--CORPORATE NAME
Corporate name or jurisdiction name as entry element Scottish Executive
9 (RLIN) 3811
245 00 - TITLE STATEMENT
Title Final results from December 2006 agricultural census
Medium [electronic resource]
260 ## - PUBLICATION, DISTRIBUTION, ETC.
Date of publication, distribution, etc. 2007
520 ## - SUMMARY, ETC.
Summary, etc. Contains final figures which indicate that, compared with December 2005: for intensive livestock, the number of pigs fell by five per cent to 469 700, and the number of poultry fell by 11 per cent from 14.6 million to 13.1 million; the number of sheep fell by one per cent from 5.3 million to 5.2 million; the number of cattle also fell by one per cent from 1.90 million to 1.87 million; the area of wheat rose by six per cent from 96 000 hectares to 102 000 hectares; the area of barley was unchanged, remaining at around 55 000 hectares; the total number of regular staff employed fell by four%, and there was an increase of seven% in the number of casual/seasonal staff; and overall, there was a slight drop in the number of staff employed (down by around 500 to 20 000). Tables.
590 ## - LOCAL NOTE (RLIN)
Local note KA
651 #4 - SUBJECT ADDED ENTRY--GEOGRAPHIC NAME
Geographic name Scotland
Chronological subdivision 1999-
690 ## - LOCAL SUBJECT ADDED ENTRY--TOPICAL TERM (OCLC, RLIN)
Topical term or geographic name as entry element PROPERTY-RURAL AND NATURAL ASSETS
856 48 - ELECTRONIC LOCATION AND ACCESS
Uniform Resource Identifier <a href="https://www.scotland.gov.uk/Publications/2007/03/agriccensusdec2006">https://www.scotland.gov.uk/Publications/2007/03/agriccensusdec2006</a>
Public note View the results free of charge online at www.scotland.gov.uk...
942 ## - ADDED ENTRY ELEMENTS (KOHA)
Suppress in OPAC 0
Holdings
Withdrawn status Lost status Source of classification or shelving scheme Damaged status Not for loan Home library Current library Shelving location Date acquired Total Checkouts Full call number Barcode Date last seen Copy number Price effective from Koha item type
    Dewey Decimal Classification     Virtual Virtual Online 08/03/2007   ONLINE PUBLICATION 137003-1001 06/08/2019 1 06/08/2019 Journal article